Normal view
MARC view
- Irrigation Department, Punjab & NWFP
Entry Personal Name
001 - CONTROL NUMBER
- control field: 47015
003 - CONTROL NUMBER IDENTIFIER
- control field: NUST
005 - DATE AND TIME OF LATEST TRANSACTION
- control field: 20210314133708.0
008 - FIXED-LENGTH DATA ELEMENTS
- fixed length control field: 210314|| aca||aabn | a|a d
040 ## - CATALOGING SOURCE
- Original cataloging agency: NUST
- Transcribing agency: NUST
100 ## - HEADING--PERSONAL NAME
- Personal name: Irrigation Department, Punjab & NWFP
670 ## - SOURCE DATA FOUND
- Source citation: Work cat.: (NUST): Irrigation Department, Punjab & NWFP, Hand Book of Professional Orders
